000 00608nam a2200241Ia 4500
003 OSt
005 20220924122105.0
006 a|||||r|||| 00| 0
007 ta
008 220923b |||||||| |||| 00| 0 urd d
020 _c7.50
024 _a314004
037 _cTextual
040 _aARTS
_cARTS
_burd
041 _2urd
_aurd
082 _aO168,1MBIx, D9
100 _aBrij Narayan
_9188236
245 0 _aPhool namah
260 _aLahore
_bDar Matbe
_c1909
650 _aURDU POETRY
942 _hO168,1MBIx, D9
_cTEXL
_2CC
999 _c410174
_d410174